<?xml version="1.0" encoding="UTF-8"?><?xml-stylesheet type="text/xsl" href="static/style.xsl"?><OAI-PMH xmlns="http://www.openarchives.org/OAI/2.0/" xmlns:xsi="http://www.w3.org/2001/XMLSchema-instance" xsi:schemaLocation="http://www.openarchives.org/OAI/2.0/ http://www.openarchives.org/OAI/2.0/OAI-PMH.xsd"><responseDate>2026-04-18T14:56:24Z</responseDate><request verb="GetRecord" identifier="oai:riubu.ubu.es:10259/9867" metadataPrefix="marc">https://riubu.ubu.es/oai/request</request><GetRecord><record><header><identifier>oai:riubu.ubu.es:10259/9867</identifier><datestamp>2025-01-11T01:05:36Z</datestamp><setSpec>com_10259_9332</setSpec><setSpec>com_10259_5086</setSpec><setSpec>com_10259_2604</setSpec><setSpec>col_10259_9333</setSpec></header><metadata><record xmlns="http://www.loc.gov/MARC21/slim" xmlns:doc="http://www.lyncode.com/xoai" xmlns:xsi="http://www.w3.org/2001/XMLSchema-instance" xmlns:dcterms="http://purl.org/dc/terms/" xsi:schemaLocation="http://www.loc.gov/MARC21/slim http://www.loc.gov/standards/marcxml/schema/MARC21slim.xsd">
<leader>00925njm 22002777a 4500</leader>
<datafield tag="042" ind1=" " ind2=" ">
<subfield code="a">dc</subfield>
</datafield>
<datafield tag="720" ind1=" " ind2=" ">
<subfield code="a">Fontaneda González, Ignacio</subfield>
<subfield code="e">author</subfield>
</datafield>
<datafield tag="720" ind1=" " ind2=" ">
<subfield code="a">Prádanos Galerón, Yurena</subfield>
<subfield code="e">author</subfield>
</datafield>
<datafield tag="720" ind1=" " ind2=" ">
<subfield code="a">González Alcántara, Oscar J.</subfield>
<subfield code="e">author</subfield>
</datafield>
<datafield tag="720" ind1=" " ind2=" ">
<subfield code="a">Camino López, Miguel Ángel</subfield>
<subfield code="e">author</subfield>
</datafield>
<datafield tag="720" ind1=" " ind2=" ">
<subfield code="a">García Izquierdo, Antonio León</subfield>
<subfield code="e">author</subfield>
</datafield>
<datafield tag="720" ind1=" " ind2=" ">
<subfield code="a">Osca Segovia, Amparo</subfield>
<subfield code="e">author</subfield>
</datafield>
<datafield tag="260" ind1=" " ind2=" ">
<subfield code="c">2023-10</subfield>
</datafield>
<datafield tag="520" ind1=" " ind2=" ">
<subfield code="a">The quantity of teleworkers had already been rising in various work fields even prior to the COVID-19 pandemic. However, it was not until the pandemic that it spread to other sectors such as the industrial sector. There are still few studies looking at telework’s impact on this important sector. This article is intended to discuss: (1) the extent of teleworking in manufacturing, (2) its adjustment to the industrial sector (challenges and benefits), and (3) its prospects for the future. To this end, 31 in-depth interviews have been conducted with four Plant Managers and seven Human Resource Directors of 11 industrial companies in Burgos (Spain) and surroundings, as well as 20 of their workers. Pre-pandemic teleworking was only active in one of the enterprises and now there are workers that work remotely in 9 out of 11. All interviewees agreed that teleworking will gradually expand. The study shows concerns and challenges when it comes to communication, trust, control, and productivity. It highlights the importance of establishing clear policies on teleworking and how to deal with remuneration, expense reimbursements, and equity between teleworkers and on-site workers. Overall, industrial-sector teleworking has brought positive results in terms of productivity and job satisfaction levels, but it has also resulted in new demands on aspects such as ergonomics, negative habits (food and physical inactivity), communication, and work–life balance.</subfield>
</datafield>
<datafield tag="024" ind2=" " ind1="8">
<subfield code="a">http://hdl.handle.net/10259/9867</subfield>
</datafield>
<datafield tag="024" ind2=" " ind1="8">
<subfield code="a">10.3390/admsci13100222</subfield>
</datafield>
<datafield tag="024" ind2=" " ind1="8">
<subfield code="a">2076-3387</subfield>
</datafield>
<datafield ind1=" " ind2=" " tag="653">
<subfield code="a">Telework</subfield>
</datafield>
<datafield ind1=" " ind2=" " tag="653">
<subfield code="a">Working conditions</subfield>
</datafield>
<datafield ind1=" " ind2=" " tag="653">
<subfield code="a">Human resources in manufacturing</subfield>
</datafield>
<datafield tag="245" ind1="0" ind2="0">
<subfield code="a">Teleworking in Manufacturing: Dealing with the Post-Pandemic COVID-19 Challenge</subfield>
</datafield>
</record></metadata></record></GetRecord></OAI-PMH>